| 000 | 00841nam a22002177a 4500 | ||
|---|---|---|---|
| 003 | OSt | ||
| 005 | 20250820084340.0 | ||
| 008 | 250714b |||||||| |||| 00| 0 eng d | ||
| 020 | _a9789712374791 | ||
| 040 |
_aDWCL -Main lib _cOC |
||
| 082 | _aFil. 642 P984f 2015 | ||
| 100 | _aPunay, Maria Lutgarda Manuel B. | ||
| 245 |
_aFood service management : _b a practical guide for students and individuals preparing for a career in food and beverage management/ _cMaria Lutgarda Manuel B. Punay |
||
| 250 | _aFirst edition. | ||
| 260 |
_aManila, Philippines : _b Rex Book Store, _cc2015. |
||
| 300 |
_a x, 109 pages : _b illustrations ; _c25 cm. |
||
| 504 | _aIncludes bibliographical references. | ||
| 650 | _a1. Food service--Handbooks, manuals, etc. | ||
| 650 | _a2. Food service. | ||
| 942 |
_2ddc _cBK - FIL _eFirst edition. _kFil. _n0 |
||
| 999 |
_c3644 _d3644 |
||